000 00404nam a2200145Ia 4500
003 OSt
005 20260202102516.0
008 211028s2018 xx 000 0 und d
040 _cAIMIT LIBRARY
041 _aeng
100 _aPinto, Wayne Joseph; Rose, Swapna.
_g1616227
_97979
245 _aEffect of internal audit in detecting fraud /
260 _aMangalore
_bSwapna Rose.
_c2018
942 _2ddc
_cPRO
999 _c219547
_d219547